000 00582cam a2200205 4500
008 090401t1985 xxu||||| |||| 00| 0 eng d
020 _a0946700214
035 _a(Sirsi) u34380
041 _aeng
050 _a346.410434
100 _aWaterson, G.
245 _aLandlord and tenant : repairs
260 _aLondon
_bHenry Stewart Publications
_c1985
300 _a36p. ; 22cm.
350 _a0
490 _aHenry Stewart Briefings for Surveyors
_v7
520 _aPublished jointly with Portsmouth Polytechnic Department of Surveying .
942 _n0
948 _c04/03/1997
999 _c89933
_d89933